01096nam a2200217 a 4500001001000000003000900010005001700019007000300036008004100039040002500080082001400105245016700119260009800286300003500384500012500419590002600544942001400570952011400584952016300698999001700861000027245DO-SdBNP20220708110745.0ta110330s2004 dr a r 000 0 spa d aDO-SdBNPbspacBNPHU 4bD295m22200aDeclaración de los miembros de la familia universitaria con motivo del homenaje que le rinden a su excelencia el generalisimo doctor Rafael Leonidas Trujillo M. cCiudad Trujillo, República Dominicana :bUniversidad Autónoma de santo Domingo,c[19--?]. a104 p. :bil. retrs. ;c24 cm. aPrimer Doctor Honoris Causa de la Universidad de Santo Domingo, en ocasión del XXIX Aniversario de la Era de Trujillo. aInventariado, 2018/LP 2ddccLBS1 00102ddc51708PD-RVaBNPHUbBNPHUcHDd2011-03-30oBNPHU PD D295mp27245-10r2020-06-25w2020-06-25yLBS1 00102ddc51708PD-RVaBNPHUbBNPHUcCTd2022-07-08eDonaciónl0oBNPHU PD-RV D295mp2022-3389r2022-07-08te.2w2022-07-08yLBS1zDonado por Víctor Hugo c26737d26737